Statistics for East African Community Countries Quiz

Click here to take the quiz!

General Stats

  • This quiz has been taken 27 times
  • The average score is 5 of 6

Answer Stats

AccessionCountry% Correct
2000Kenya
96%
2000Tanzania
96%
2000Uganda
87%
2007Rwanda
87%
2007Burundi
83%
2016South Sudan
57%

Score Distribution

Percentile by Number Answered

Percent of People with Each Score

Your Score History

You have not taken this quiz